Anyone can make a million

Saved in:
Bibliographic Details
Main Author: Shulman, Morton
Format: Book
Language:Undetermined
Published: New York McGraw-Hill 1966
Subjects:
Tags: Add Tag
No Tags, Be the first to tag this record!
Institutions: Trung tâm Học liệu Trường Đại học Cần Thơ
LEADER 00503nam a2200193Ia 4500
001 CTU_99528
008 210402s9999 xx 000 0 und d
082 |a 332.63 
082 |b S562 
100 |a Shulman, Morton 
245 0 |a Anyone can make a million 
245 0 |c Morton Shulman 
260 |a New York 
260 |b McGraw-Hill 
260 |c 1966 
650 |a Investments,Speculation 
650 |z United states 
904 |i Tuyến 
980 |a Trung tâm Học liệu Trường Đại học Cần Thơ